[Event "Xeraco Region-ch Preferente"]
[Site "Xeraco"]
[Date "2016.11.05"]
[Round "5"]
[White "Fenollar Marti, Jordi"]
[Black "Oltra Landete, Fidel"]
[Result "1-0"]
[WhiteElo "1842"]
[BlackElo "1907"]
[PlyCount "69"]
[EventDate "2016.10.01"]
[EventType "swiss"]
[EventRounds "7"]
[EventCountry "ESP"]
[SourceTitle "EXT 2024"]
[Source "ChessBase"]
[SourceDate "2023.10.10"]
[SourceVersion "1"]
[SourceVersionDate "2023.10.10"]
[SourceQuality "1"]

1. d4 Nf6 2. c4 e6 3. Nf3 Bb4+ 4. Bd2 Qe7 5. Nc3 b6 6. g3 Bb7 7. Bg2 0-0 8. 0-0 d6 9. Qc2 Nbd7 10. a3 Bxc3 11. Bxc3 Rac8 12. b4 c5 13. Rac1 cxd4 14. Bxd4 e5 15. Bb2 d5 16. Nd2 Ba6 17. Qa4 Bxc4 18. Nxc4 dxc4 19. Qxa7 e4 20. Rfd1 Qe6 21. Qb7 Rb8 22. Qc7 Rfc8 23. Qd6 Qf5 24. Rxc4 Rxc4 25. Qxb8+ Nf8 26. Qxb6 Rc2 27. Bxf6 gxf6 28. Qe3 Rc4 29. Rd4 Qb5 30. Rxc4 Qxc4 31. Bxe4 Ne6 32. Bd3 Qc6 33. b5 Qa8 34. Be4 Qa4 35. b6 1-0